000 00479nam a2200193Ia 4500
005 20230822095646.0
008 131103s9999 xx 000 0 und d
020 _c1.75 pds
040 _aLoreto College
041 _aEnglish
082 _a211.6
_bHUM-AYE
245 4 _aThe Humanist Outlook
_cedited by A.J.Ayer
260 _aLondon
_bPemberton
_c1968
300 _a296 p.
650 _aReligion and Humanism
700 _aAyer,A.J.,ed.
850 _aLCLIB
942 _cBK
999 _c13468
_d63947